Geography - H - Statistics

General Stats
  • This quiz has been taken 43 times
  • The average score is 6 of 15
Answer Stats
Hint Answer % Correct
The capital city of Finland. Helsinki
100%
The capital city of Zimbabwe. Harare
84%
Either a river or a bay in North America. Hudson
84%
A region of the Netherlands. Holland
76%
Scottish archipelago. Hebrides
66%
Term for a settlement smaller than a village. Hamlet
61%
19,000 mercenaries from this central-German state fought for Britain in the American Revolution. Hesse
42%
The second of two Syrian cities whose fall sealed the fate of Assad's regime. Homs
32%
An alternative name for India derived from Middle Persian. Hindustan
21%
One of two Syrian cities whose fall sealed the fate of Assad's regime. Hama
13%
The island on which Canada and Denmark share a border. Hans
13%
The capital of Mexico's Sonora state. Hermosillo
8%
Iranian city whose ancient name was Hagmatana/Ecbatana. Hamadan
3%
The southernmost prefecture-level city in China's Hebei province. Handan
3%
Region spanning western Saudi Arabia. Hejaz
3%
No matching quizzes found
Score Distribution
Percent of People with Each Score
Percentile by Number Answered
Your Score History
You have not taken this quiz